000 00191nam a2200073Ia 4500
008 170817s9999 xx 000 0 und d
100 _aSharma.Sunita
245 0 _aDictionary Of Psychology
260 _bAnmol Publications Delhi
999 _c38881
_d38881